Bloom's biocritiques: John Milton (Record no. 583)

MARC details
000 -LEADER
fixed length control field 00446 a2200169 4500
001 - CONTROL NUMBER
control field 066538
003 - CONTROL NUMBER IDENTIFIER
control field OSt
005 - DATE AND TIME OF LATEST TRANSACTION
control field 20211001105443.0
008 - FIXED-LENGTH DATA ELEMENTS--GENERAL INFORMATION
fixed length control field
082 ## - DEWEY DECIMAL CLASSIFICATION NUMBER
Classification number 821.4
Item number J61J
245 1# - TITLE STATEMENT
Title Bloom's biocritiques: John Milton
Statement of responsibility, etc edited by Harold Bloom
260 ## - PUBLICATION, DISTRIBUTION, ETC. (IMPRINT)
Place of publication, distribution, etc Philadelphia
Name of publisher, distributor, etc Chelsea House
Date of publication, distribution, etc 2003
300 ## - PHYSICAL DESCRIPTION
Extent 150p.
690 ## - LOCAL SUBJECT ADDED ENTRY--TOPICAL TERM (OCLC, RLIN)
Topical term or geographic name as entry element Milton, John, 1608-1674
700 ## - ADDED ENTRY--PERSONAL NAME
Personal name Bloom, Harold,
Relator term Editor
942 ## - ADDED ENTRY ELEMENTS (KOHA)
Source of classification or shelving scheme Dewey Decimal Classification
Koha item type Books
Holdings
Withdrawn status Lost status Source of classification or shelving scheme Damaged status Not for loan Collection code Home library Current library Date acquired Source of acquisition Cost, normal purchase price Full call number Barcode Date last seen Price effective from Koha item type
    Dewey Decimal Classification     General Text Book Central University Of Rajasthan Central University Of Rajasthan 07/03/2012 ENG 245.00 821.4 J61J 824 21/11/2024 02/09/2020 Books